=LDR 00000nam 2200000 4500 =001 INLIS000000000024526 =005 20130612123116 =008 ***********************************Ind** =035 ##$$0010-061300000024526 =041 ##$$a Ind =082 ##$$a 420.7 =090 ##$$a 420.7, Pel p =245 ##$$a Pelajaran bahasa indonesia, Pendidikan dasar 6 C untuk sekolah dasar kelas 6 caturwulan III =260 ##$$a 1994 $b Semarang =300 ##$$a 60 hlm, ilus, 20 cm =650 ##$$a Bahasa inggris =850 ##$$a NBPNMAT